000 03777cam a22007214i 4500
003 PE-LiUPU
005 20250731180053.0
008 130121s2012 sp a rb 000 0 spa d
020 _a8492970383
020 _a9788492970384
035 _a(Sirsi) i9788492970384
040 _aBNM
_bspa
_erda
_cBNM
_dPE-LiUPU
049 _aPRUA
080 _a528.4
_bF38
082 0 4 _a526.9
_bF38 2012
100 1 _aFernández García, Silvino,
_eautor.
245 1 0 _aTopografía y geomática básicas en ingeniería /
_cpor Silvino Fernández García, M® Luz Gil Docampo.
250 _aPrimera edición.
264 1 _aMadrid :
_bBellisco,
_c2012.
300 _a362 páginas :
_bilustraciones ;
_c24 centímetros.
336 _atext
_2rdacontent
337 _aunmediated
_2rdamedia
338 _avolume
_2rdacarrier
490 0 _aBiblioteca técnica universitaria. Sección Geodesia y topografía ;
_v16
504 _aBibliografía : página 351.
505 0 _aNociones preliminares -- Elementos y accesorios de los instrumentos -- Medición de la distancia -- Instrumentos topográficos -- Métodos planimétricos -- Métodos altimétricos -- Métodos taquimétricos -- Aplicaciones -- Geodesia -- Cartografía -- Fotogrametría y teledetección.
526 _aSEG44
526 _aSEG26
526 _aP159
526 _aP155
526 _aP154
526 _aP153
526 _aP150
526 _aP100
526 _aP31
526 _aP30
526 _aP26
526 _aP25
526 _aP24
526 _aP22
526 _aP15
526 _aP10
541 _g043-0014565;
541 _g044-0022970;
650 7 _aCartografía.
_2embne
650 7 _aGeodesia.
_2embne
650 7 _aTopografía.
_2embne
700 1 _aGil Docampo, María Luz,
_eautor.
910 _ajche
_bjkc
_cjche
_d20150904
942 _2ddc
_cBOOK
949 _a526.9 F38
_wDEWEY
_c1
_i73042
_lCCODEBUL1
_mBUL
_p41.48
_r0
_sY
_tBOOK
_u2016-5-12
_xINGENIERIA
_PP25
_0COMPRA
_o.STAFF. Colección General
949 _a526.9 F38 2012
_wDEWEY
_c1
_iFJ00222
_lCCODEBUJ1
_mBUJ
_p38.40
_r0
_sY
_tBOOK
_u2015-9-4
_xINGENIERIA
_PP25
_0COMPRA
_o.STAFF. Colección General Juliaca
949 _a526.9 F38
_wDEWEY
_c2
_i73043
_lCCODEBUL1
_mBUL
_p41.48
_r0
_sY
_tBOOK
_u2016-5-12
_xINGENIERIA
_PP25
_0COMPRA
_o.STAFF. Colección General
949 _a526.9 F38 2012
_wDEWEY
_c2
_iFJ00223
_lCCODEBUJ1
_mBUJ
_p38.40
_r0
_sY
_tBOOK
_u2015-9-4
_xINGENIERIA
_PP25
_0COMPRA
_o.STAFF. Colección general Juliaca
949 _a526.9 F38
_wDEWEY
_c3
_i73044
_d2016-5-26
_e2016-5-26
_lCCODEBUL1
_mBUL
_n1
_p41.48
_r0
_sY
_tBOOK
_u2016-5-12
_xINGENIERIA
_PP25
_0COMPRA
_o.STAFF. Colección General
994 _aC0
_bPEPRU
596 _a1 3
999 _a526.9 F38 2012
_wDEWEY
_c7097
_iFJ00222
_d7097
_e2019-9-24
_f2022-1-19
_g5
_lCCODEBUJ1
_mBUJ
_n5
_p38.40
_q9
_r0
_sY
_tBOOK
_u2015-9-4
_xINGENIERIA
_PP25
_0COMPRA
_o.STAFF. Colección General
999 _a526.9 F38 2012
_wDEWEY
_c2
_iFJ00223
_d2019-10-14
_e2019-10-11
_f2022-1-19
_g4
_lCCODEBUJ1
_mBUJ
_n14
_p38.40
_q10
_r0
_sY
_tBOOK
_u2015-9-4
_xINGENIERIA
_PP25
_o.STAFF. Colección general Juliaca
999 _a526.9 F38
_wDEWEY
_c1
_i73042
_d2019-6-20
_e2019-3-22
_f2021-11-9
_g7
_lCCODEBUL1
_mBUL
_n9
_p41.48
_r0
_sY
_tBOOK
_u2016-5-12
_xINGENIERIA
_PP25
_0COMPRA
_o.STAFF. Colección General
999 _a526.9 F38
_wDEWEY
_c2
_i73043
_d2018-11-7
_e2018-4-19
_f2021-11-9
_g7
_lCCODEBUL1
_mBUL
_n1
_p41.48
_q1
_r0
_sY
_tBOOK
_u2016-5-12
_xINGENIERIA
_PP25
_0COMPRA
_o.STAFF. Colección General
999 _a526.9 F38
_wDEWEY
_c3
_i73044
_d2018-4-20
_e2018-4-19
_f2021-11-9
_g4
_lCCODEBUL1
_mBUL
_n2
_p41.48
_r0
_sY
_tBOOK
_u2016-5-12
_xINGENIERIA
_PP25
_0COMPRA
_o.STAFF. Colección General
980 _81
_gALBERTO SANCHEZ Responsable de Automatización